000 00774 a2200241 4500
005 20251217163131.0
008 251217b |||||||| |||| 00| 0 eng d
020 _a978-0-691-15677-4
037 _cTB
040 _aAL
_cAL
041 _2eng
_aeng
084 _aO121,1G65w 111R4
_qAL
100 _aLuzi, Joseph
_9850652
245 _aDante's divine comedy:
_ba biography
260 _aPrinceton, US:
_bPrinceton University Press,
_c2024.
300 _a218p.
365 _b24.95
_cUSD
650 _aItalian Literature
_9857641
650 _aItalian Poetry
_9857642
650 _aBiography
_9857643
942 _cTB
_2CC
_n0
_hO121,1G65w 111R4
999 _c1465225
_d1465225